00953nam a2200229 a 450000100100000000500170001000800410002704000250006808200150009324501820010826000690029030000210035949000360038050000380041670000250045470000250047970000370050483000430054104900090058495201130059399900170070600001699020200929165011.0100312s1963 mx 000 0 spa d aDO-SdBNPbspacBNPHU axxxbM256h03aLa malnutrición y los hábitos alimentarios :binforme de una conferencia internacional e interprofesional /ceditores Anne Burgess, R. F. A. Dean; prólogo Abraham Horwitz. aMéxico D.F. :bOrganización Panamericana de la Salud,c1963. a204 p. ;c23 cm.1 aPublicaciones científicasv91 aIncluye notas al pie de páginas1 aBurgess, Anne9375341 aDean, R. F. A9375351 aHorwitz, Abrahamepról.937536 0aPublicaciones científicasn91937537 aBNPD 001050718MOaPDbPDcCTd2010-03-12iLF1l0oxxx M256hp16990-10r2020-06-25w2020-06-25y1ZNo se presta c16518d16518